• 首页
  • 本馆介绍
  • 公告通知
  • 最新文献
  • 馆藏检索
  • 电子资源
  • 读者导购
  • 参考咨询
  • 我的图书馆
  • 登录
  • 详细信息显示
  • 放入我的书架
  • 预约/预借图书
  • 作者相关作品
  • 分类相关作品
  • 丛书相关作品
  • 出版社相关作品

书目信息

  • 表格格式
  • 工作单格式
  • 卡片格式
题名:
群众性农业科学实验活动选辑
    
 
作者: ;农业出版社 编辑
分册:  
出版信息: 北京   编者  1974
页数: 87页
开本: 19 cm
丛书名:
单 册:
中图分类: S-33
科图分类:
主题词: 农业科学--实验 , 农业科学--科学研究 , 农业科学--试验
电子资源:
ISBN:
000 00686nam0 2200241 450098
001 0660694716
005 20060801165202.69
091    @a3144.87@d0.15
100    @a19981125d1974 ekmy0chiy0121 ea
101 0  @achi
102    @aCN@b110000
105    @ay z 000yy
106    @ar
200 10 @a群众性农业科学实验活动选辑@f农业出版社编辑@AQun Zhong Xing Nong Ye Ke Xue Shi Yan Huo Dong Xuan Ji
210    @a北京@c编者@d1974
215    @a87页@d19 cm
606    @a农业科学@x实验
606 0  @a农业科学@x科学研究
606 0  @a农业科学@x试验
690    @aS-33@v3
711 02 @a农业出版社@4编辑@Anong ye chu ban she
801  0 @aCN@b上海图书馆 @c20060801
905    @a10447@dS-33@e30
    
    群众性农业科学实验活动选辑/农业出版社编辑.-北京:编者,1974
    87页;19 cm
    
    
    ISBN :
    
●
相关链接 在E读中查询图书 在五车中查询图书 在当当中查询图书 在豆瓣中查询图书


正题名:群众性农业科学实验活动选辑     索取号:S-33/30         预约/预借

序号 登录号 条形码 馆藏地/架位号 状态 备注
1 0439347   204393478   密集书库/ [索取号:S-33/30] 在馆    
唐山师范学院图书馆 欢迎您!
大连网信软件有限公司© 版权所有